Обеспечение коррозионной стойкости деталей машин при использовании неметаллических покрытий; Справочник. Инженерный журнал; № 9

Dades bibliogràfiques
Parent link:Справочник. Инженерный журнал: научно-технический и производственный журнал.— , 2000-.— 0203-347X
№ 9.— 2004.— С. 8-14
Autor principal: Федонин О. Н.
Idioma:rus
Publicat: 2004
Col·lecció:Современные технологии
Matèries:
Format: MixedMaterials Capítol de llibre
KOHA link:https://koha.lib.tpu.ru/cgi-bin/koha/opac-detail.pl?biblionumber=393614

MARC

LEADER 00000naa2a2200000 4500
001 393614
005 20231101064418.0
035 |a (RuTPU)RU\TPU\prd\29840 
090 |a 393614 
100 |a 20041115a2004 k y0rusy50 ca 
101 0 |a rus 
102 |a RU 
200 1 |a Обеспечение коррозионной стойкости деталей машин при использовании неметаллических покрытий  |f О. Н. Федонин 
225 1 |a Современные технологии 
320 |a Библиогр.: 6 назв. 
461 1 |0 (RuTPU)RU\TPU\prd\1723  |x 0203-347X  |t Справочник. Инженерный журнал  |o научно-технический и производственный журнал  |d 2000- 
463 1 |0 (RuTPU)RU\TPU\prd\28966  |t № 9  |v С. 8-14  |d 2004 
610 1 |a коррозионная стойкость 
610 1 |a детали машин 
610 1 |a покрытия 
610 1 |a неметаллические покрытия 
610 1 |a адгезия покрытия 
610 1 |a качество покрытий 
610 1 |a классификация покрытий 
700 1 |a Федонин  |b О. Н. 
801 1 |a RU  |b 63413507  |c 20041115  |g PSBO 
801 2 |a RU  |b 63413507  |c 20140116  |g RCR 
942 |c BK